000 00898cam a2200301 i 4500
001 768714001
003 CO-MdFUSB
005 20240917150916.0
007 ta
008 211120t2004 sp ||||| |||| 00| 0 eng d
020 _a84-8267-414-5
040 _bspa.
_aCO-MdFUSB
_cCO-MdFUSB
_dCO-MdFUSBC
_erda
041 _aspa
082 0 4 _223
_a241.03
_bA8751
100 _aAtkinson, David John
_eautor
245 1 0 _aDiccionario de ética cristiana y teología pastoral
_c/ David J. Atkinson , David H. Field
264 1 _aTerrassa, Barcelona, España :
_bClie,
_c[2004]
264 4 _c© 2004
300 _a1192 páginas
_c; 25 cm
336 _2rdacontent
_atexto
_btxt
337 _2rdamedia
_asin mediación
_bn
338 _2rdacarrier
_avolumen
_bnc
563 _atapa dura
650 7 _9185
_aÉtica cristiana
700 _aField, David H.,
_910704
_eautor
942 _cBK
945 _aMag1104
999 _c41085
_d41085